header

Seventeenth-century mother's advice books (Record no. 93988)

MARC details
000 -LEADER
fixed length control field 01557nam a2200373Ia 4500
100 1# - MAIN ENTRY--AUTHOR NAME
Personal name Urban, Marsha.
245 10 - TITLE STATEMENT
Title Seventeenth-century mother's advice books
250 ## - EDITION STATEMENT
Edition statement 1st ed.
260 ## - PUBLICATION, DISTRIBUTION, ETC. (IMPRINT)
Place of publication New York :
Name of publisher Palgrave Macmillian,
Year of publication 2006.
300 ## - PHYSICAL DESCRIPTION
Number of Pages 206 p. :
Other physical details ill.
650 #0 - SUBJECT ADDED ENTRY--TOPICAL TERM
Topical Term Didactic literature, English
Topical Term English prose literature
Topical Term English prose literature
Topical Term Mothers in literature.
Topical Term Conduct of life in literature.
Topical Term Women and literature
856 40 - ELECTRONIC LOCATION AND ACCESS
Uniform Resource Identifier http://site.ebrary.com/lib/rucke/Doc?id=10150414

No items available.

© 2026 Rongo University
Contact us: librarian | system librarian | Rongo university